Central Library OPAC University of Rajshahi

Newman : (Record no. 24283)

MARC details
000 -LEADER
fixed length control field 00715cam a22002531 4500
001 - CONTROL NUMBER
control field 24283
003 - CONTROL NUMBER IDENTIFIER
rucl marc code BD-RjUL
005 - DATE AND TIME OF LATEST TRANSACTION
control field 20211209001030.0
008 - FIXED-LENGTH DATA ELEMENTS--GENERAL INFORMATION
fixed length control field 140313s1962 enkf 001 0 eng
035 ## - SYSTEM CONTROL NUMBER
System control number (BD-RjUL)24349
System control number (OCoLC)386972
040 ## - CATALOGING SOURCE
Original cataloging agency DLC
Transcribing agency ODaWU
Modifying agency DLC
-- BD-RjUL
Language of cataloging eng
041 ## - LANGUAGE CODE
Language code of text/sound track or separate title eng
082 ## - DEWEY DECIMAL CLASSIFICATION NUMBER
Classification number 922.2
Author mark and year TRN 1962
100 1# - MAIN ENTRY--PERSONAL NAME
Personal name Trevor, Meriol.
9 (RLIN) 74797
245 10 - TITLE STATEMENT
Title Newman :
Remainder of title light in winter /
Statement of responsibility, etc. by Meriol Trevor.
260 ## - PUBLICATION, DISTRIBUTION, ETC. (IMPRINT)
Place of publication, distribution, etc. London :
Name of publisher, distributor, etc. Macmillan,
Date of publication, distribution, etc. c1962.
300 ## - PHYSICAL DESCRIPTION
Pagination xiv, 659 p. :
Illustrations Plates ;
Size 22 cm.
504 ## - BIBLIOGRAPHY, ETC. NOTE
Bibliography, etc Includes bibliography and index.
600 10 - SUBJECT ADDED ENTRY--PERSONAL NAME
Personal name Newman, John Henry,
Dates associated with a name 1801-1890
942 ## - ADDED ENTRY ELEMENTS (KOHA)
Source of classification or shelving scheme Dewey Decimal Classification
Koha item type Books
Holdings
Lost status Source of classification or shelving scheme Damaged status Not for loan Collection code Permanent Location Current Location Shelving location Date acquired Source of acquisition Cost, normal purchase price Total Checkouts Full call number Date last seen Copy number Koha item type
  Dewey Decimal Classification   Not For Loan Non-fiction Central Library, University of Rajshahi Central Library, University of Rajshahi Reading Room 28/02/1964 Zetlinger 50.00   922.2 TRN 1962 13/03/2014 C-1 Books